00405nam a22001457a 450000500170000000800410001702000180005804100120007608200130008810000130010124500480011426000470016230000250020965000250023420240904061740.0240904b |||||||| |||| 00| 0 eng d a9781485101574 aEnglish a349 NAM  lEnglish  aIndex to the Namibian Law Reports 1990-2013 aCape Town: bJuta and Company Ltd, c2014  b507 pages; c26 cm.  aLegal practice bLaw